书目信息 |
| 题名: |
文笔精华
|
|
| 作者: | 秦似 主编 | |
| 分册: | ||
| 出版信息: | 南宁 广西人民出版社 1981.10 |
|
| 页数: | 198页 | |
| 开本: | 19cm | |
| 丛书名: | ||
| 单 册: | ||
| 中图分类: | H042 | |
| 科图分类: | ||
| 主题词: | 语法学 | |
| 电子资源: | ||
| ISBN: | ||
| 000 | 00590nam0 2200205 45 | |
| 001 | 0404241007 | |
| 005 | 20060913144137.59 | |
| 010 | @dCNY0.54 | |
| 091 | @a7113.403 | |
| 100 | @a20040424d1981 km y0chiy0120 ea | |
| 101 | 0 | @achi |
| 200 | 1 | @a文笔精华@e名家笔下的景@EMing Jia Bi Xia De Jing@AWen Bi Jing Hua@f秦似主编@FQin Si Zhu Bian |
| 210 | @a南宁@c广西人民出版社@d1981.10 | |
| 215 | @a198页@d19cm | |
| 517 | @a名家笔下的景@AMing Jia Bi Xia De Jing | |
| 606 | 0 | @a语法学 |
| 690 | @aH042@v3 | |
| 701 | 0 | @a秦似@4主编 |
| 801 | @aCN@bPftUser@c20060913 | |
| 905 | @f4@b80013-016@dH042@e33:2 | |
| 文笔精华:名家笔下的景/秦似主编.-南宁:广西人民出版社,1981.10 |
| 198页;19cm |
| ISBN :CNY0.54 |
| ● |
| 相关链接 |
|
|
|
|
正题名:文笔精华
索取号:H042/33:2
 
预约/预借
| 序号 | 登录号 | 条形码 | 馆藏地/架位号 | 状态 | 备注 |
| 1 | 0080013 | 000907120 | 第四借阅区/ [索取号:H042/33:2] | 在馆 | |
| 2 | 0080014 | 000907095 | 第四借阅区/ [索取号:H042/33:2] | 在馆 | |
| 3 | 0080015 | 000907102 | 第四借阅区/ [索取号:H042/33:2] | 在馆 | |
| 4 | 0080016 | 000907157 | 第四借阅区/ [索取号:H042/33:2] | 在馆 | |
| 5 | 0472286 | 204722862 | 密集书库/ [索取号:H042/33:2] | 在馆 | |
| 6 | 0475569 | 204755693 | 密集书库/ [索取号:H042/33:2] | 在馆 |